000 00784nam a2200241Ia 4500
003 OSt
005 20220923224531.0
006 a|||||r|||| 00| 0
007 ta
008 220922b |||||||| |||| 00| 0 hin d
024 _a240,242
037 _cTextual
040 _aARTS
_cARTS
_bhin
041 _2hin
_ahin
082 _aR631, 152P5
100 _aसूक्ष्म
_9156280
245 0 _aधर्मशास्त्रीय विचारधारा का आधार
246 _aDharmashāstrīya vichāradhārā kā ādhāra
260 _aदिल्ली
_b डिवाइन पब्लिकेशन्स
_c2005
300 _a423पृ.
_ccm.
942 _hR631, 152P5
_cTEXL
_2CC
999 _c372030
_d372030